| 000 | 02900cas a2200577 a 4500 | ||
|---|---|---|---|
| 999 |
_c28978 _d28949 |
||
| 001 | 13327311 | ||
| 003 | EG-ScBUE | ||
| 005 | 20201020152507.0 | ||
| 006 | m||||fq||h 00| 0 | ||
| 007 | co ug||||||||| | ||
| 008 | 030828t2010 nyuar f 0 a0eng d | ||
| 020 | _a9780375429781 | ||
| 020 | _a19387210 | ||
| 035 | _a(OCoLC)ocm44907918 | ||
| 040 |
_aMPI _beng _erda _cMPI _dWAU _dMYG _dDLC _dSVP _dIXA _dNSD _dDLC _dNSD _dORU _dNSD _dDLC _dOCLCG _dOCLCQ _dIUL _dOCLCQ _dOCLCF _dOCLCO _dGUA _dOCLCQ _dI8M _dOCLCQ _dJDP _dFJO _dOCLCO _dEG-ScBUE |
||
| 043 | _an-us--- | ||
| 082 | 0 | 4 |
_a378 _bLUR _222 |
| 100 | 1 |
_aLurie, Karen, _d1965- _eauthor. _921020 |
|
| 245 | 1 | 0 |
_aCracking the GRE, with DVD / _cKaren Lurie, Magda Pecsenye and Adam Robinson. |
| 250 | _a2011 edition. | ||
| 264 | 1 |
_aNew York : _bRandom House, Inc. : _bPrinceton Review, Inc., _c[2010] |
|
| 264 | 4 | _cc2010 | |
| 300 |
_a447 pages : _billustrations ; _c28 cm + _e1 CD |
||
| 336 |
_atext _btxt _2rdacontent |
||
| 336 |
_asounds _bsnd _2rdacontent |
||
| 337 |
_aunmediated _bn _2rdamedia |
||
| 337 |
_aaudio _bs _2rdamedia |
||
| 338 |
_avolume _bnc _2rdacarrier |
||
| 338 |
_acomputer disc _bcd _2rdacarrier |
||
| 500 | _aAt head of title: Princeton Review. | ||
| 500 | _aEds. for 2001-<2004> by Karen Lurie and others. | ||
| 538 | _aSystem requirements for Windows: 166 MHz or higher; 32 MB RAM; 12 MB hard disk space; Windows 95, 98, 2000, ME, XP (will not operate with Windows NT); 256 color monitor (640 X 480 Pixels); Windows compatible sound device; CD-ROM drive. | ||
| 538 | _aSystem requirements for Macintosh: Power PC 166 MHz or higher; 32 MB RAM; 12 MB hard disk space; System 7.6.1 or higher; 256 color monitor (640 X 480 Pixels); compatible sound device ; CD-ROM drive. | ||
| 580 | _aIssued also without accompanying CD-ROM. | ||
| 580 | _aContinued by: Cracking the GRE, with DVD, with possible intervening title changes. | ||
| 588 | _aLatest issue consulted: 2004 ed. | ||
| 650 | 7 |
_aGraduate Record Examination _vStudy guides _2BUEsh |
|
| 653 |
_bGGEN _cOctober2020 |
||
| 655 | 7 |
_aPeriodicals. _2fast _0(OCoLC)fst01411641 _vReading book |
|
| 655 | 7 |
_aStudy guides. _2fast _0(OCoLC)fst01423888 |
|
| 655 | 7 |
_aPeriodicals. _2lcgft |
|
| 655 | 7 |
_aStudy guides. _2lcgft |
|
| 775 | 1 |
_tCracking the GRE (2000) _x1549-9057 _w(DLC) 2004212263 _w(OCoLC)54935866 |
|
| 776 | 0 | 8 |
_iOnline version: _tCracking the GRE, with four complete practice tests on CD-ROM _x1547-4232 _w(OCoLC)741874638 |
| 780 | 0 | 0 |
_tCracking the GRE CAT, with four complete sample tests on CD-ROM _w(DLC) 2016233511 _w(OCoLC)954591338 |
| 785 | 0 | 0 |
_tCracking the GRE, with DVD _x1938-7210 _w(DLC) 2006260119 _w(OCoLC)71261516 |
| 906 |
_a7 _bcbc _cserials _d2 _encip _f20 _gn-oclcserc |
||
| 942 |
_2ddc _cBB |
||